00803cam a2200229 a 450000100100000000500170001000800410002702000150006803500230008304000280010608200200013410000330015424500370018726000770022430000270030165000260032865000380035491000340039204900090042695201230043599900150055800000751520200929154209.0930430s1992 pr a l000 1 spa d a0865814686 a(OCoLC)ocm28011628 aDO-SdBNPcPBRdOCLdDLC aCu864.44bL212L1 aLalo, Eduardo,d1960-92086610aLibro de textos /cEduardo Lalo. aSan Juan, (Puerto Rico) :bInstituto de Cultura Puertorriqueña,c1992. a191 p. :bil ;c17 cm. 4aEnsayos cubanos95691 4aLiteratura cubanaySIGLO XX99186 aCatalogación por copia / LC aBNGR 001052708MOaGRbGRcCTd2009-09-08iLF1l0oCu864.44 L212Lp7515-10r2020-06-25w2020-06-25y2ZPréstamo interno c7296d7296